Japanese Kanji Reading Quiz - Statistics

General Stats
  • This quiz has been taken 65 times
    62 since last reset
  • The average score is 37 of 51
Answer Stats
Hint Answer % Correct
水 (water) mizu
89%
八 (eight) hachi
87%
一 (one) ichi
87%
二 (two) ni
87%
六 (six) roku
85%
四 (four) yon/shi
85%
七 (seven) nana/shichi
83%
日本 (Japanese) nihon
83%
三 (three) san
83%
本 (book) hon
80%
六時 (six o' clock) rokuji
80%
円 (Japanese currency) en
78%
五 (five) go
78%
目 (eyes) me
78%
二月 (February) nigatsu
78%
二時 (two o' clock) niji
78%
六十 (60) rokujuu
78%
千 (thousand) sen
78%
人 (people) hito
76%
百 (hundred) hyaku
76%
十 (ten) juu
76%
日本人 (Japanese people) nihonjin
76%
一人で (alone) hitoride
74%
今 (now) ima
74%
十五 (15) juugo
74%
金曜日 (Friday) kinyoubi
74%
今日 (today) kyō/kyou
74%
九 (nine) kyuu
74%
万 (ten thousand) man
74%
木 (tree) ki
72%
口 (mouth) kuchi
72%
日 (day) nichi
72%
日曜日 (Sunday) nichiyoubi
72%
お金 (money) okane
72%
分かる (to understand) wakaru
72%
月曜日 (Monday) getsuyoubi
70%
五時半 (half past five o' clock) gojihan
70%
火曜日 (Tuesday) kayoubi
70%
木曜日 (Thursday) mokuyoubi
70%
水曜日 (Wednesday) suiyoubi
70%
土曜日 (Saturday) doyoubi
67%
七十万円 (¥700,000) nanajuumanen
65%
火 (fire) hi
63%
月 (month) tsuki
63%
三百 (300) sanbyaku
61%
八百 (800) happyaku
59%
九時半 (half past nine o' clock) kujihan
59%
九百万円 (¥9,000,000) kyuuhyakumanen
59%
お寺 (temple) otera
59%
千八百円 (¥1,800) senhappyakuen
59%
三千五百円 (¥3,500) sanzengohyakuen
48%
No matching quizzes found
Score Distribution
Percent of People with Each Score
Percentile by Number Answered
Your Score History
You have not taken this quiz since the last reset